The ecologist
| New Title: | Resurgence Resurgence & ecologist |
|---|---|
| Previous Title: | Mazingira. Ecologist quarterly New ecologist Ecologist (Wadebridge, England : 1979) |
| Corporate Author: | |
| Format: | Electronic Journal |
| Language: | English |
| Published: |
Wadebridge, Cornwall, UK : Cambridge, MA :
Ecosystems Ltd. ; Distributed in North America by the MIT Press
|
| Subjects: | |
| Online Access: | Full text available from Research Library: 01/01/1999 to 07/31/2009 |
MARC
| LEADER | 00000nas a2200000 a 4500 | ||
|---|---|---|---|
| 001 | ssj0012013 | ||
| 003 | WaSeSS | ||
| 005 | 20200512172242.0 | ||
| 006 | m d | ||
| 007 | cr n | ||
| 008 | 050614d19792012enkmn pss 0 0eng c | ||
| 010 | |a 2009268506 | ||
| 022 | |y 0261-3131 | ||
| 035 | |a (WaSeSS)ssj0012013 | ||
| 040 | |a OCLCS |b eng |c OCLCS |d TXJ |d GUA |d SERSO |d OCLCE |d CUI |d OCLCO |d OCLCQ |d CUV |d DLC |d OCLCF |d OCLCO |d OCLCQ |d OCLCA |d OCL |d WaSeSS | ||
| 042 | |a pcc | ||
| 050 | 1 | 4 | |a QH540 |b .E297 |
| 082 | 0 | 4 | |a 304.2/05 |2 19 |
| 130 | 0 | |a Ecologist (Wadebridge, England : 1979 : Online) | |
| 245 | 1 | 4 | |a The ecologist |h [electronic resource]. |
| 260 | |a Wadebridge, Cornwall, UK : |b Ecosystems Ltd. ; |a Cambridge, MA : |b Distributed in North America by the MIT Press | ||
| 310 | |a Monthly (except Aug./Sept. and Jan./Feb.), |b July 1999- | ||
| 321 | |a Ten no. a year, |b -1980 | ||
| 321 | |a 6 no. a year, |b 1981-May/June 1999 | ||
| 362 | 1 | |a Print began with v. 9, no. 3 (May/June 1979). | |
| 362 | 1 | |a Ceased with: no. 36 (June 2012). | |
| 500 | |a "Journal of the post industrial age." | ||
| 500 | |a Distributor varies. | ||
| 500 | |a Beginning in 2009, available online only. | ||
| 506 | |a License restrictions may limit access. | ||
| 515 | |a Volume numbering ceased with: Vol. 39, no. 6 (July 2009). New numbering began with No. 1 (July 2009). | ||
| 550 | |a Journal of the Wadebridge Ecological Centre, <Jan./Feb. 1987-> | ||
| 580 | |a Print version formed by the union of: Ecologist quarterly, and: New ecologist, and continues the numbering of the latter. | ||
| 580 | |a Merged with Resurgence to form: Resurgence & ecologist. | ||
| 588 | |a Description based on print version record. | ||
| 588 | |a Latest issue consulted: Vol. 39, issue 6 (July 2009) (ProQuest, viewed Oct. 9, 2009). | ||
| 650 | 0 | |a Ecology |v Periodicals. | |
| 650 | 0 | |a Human ecology |v Periodicals. | |
| 650 | 0 | |a Pollution |v Periodicals. | |
| 650 | 0 | |a Nature |x Effect of human beings on |v Periodicals. | |
| 650 | 0 | |a Environmental protection |v Periodicals. | |
| 650 | 0 | |a Industries |x Environmental aspects |v Periodicals. | |
| 650 | 6 | |a Écologie |v Périodiques. | |
| 650 | 6 | |a Homme |x Influence sur la nature |v Périodiques. | |
| 650 | 7 | |a Ecology. |2 fast |0 (OCoLC)fst00901476 | |
| 650 | 7 | |a Environmental protection. |2 fast |0 (OCoLC)fst00913324 | |
| 650 | 7 | |a Human ecology. |2 fast |0 (OCoLC)fst00962941 | |
| 650 | 7 | |a Industries |x Environmental aspects. |2 fast |0 (OCoLC)fst00971899 | |
| 650 | 7 | |a Nature |x Effect of human beings on. |2 fast |0 (OCoLC)fst01034564 | |
| 650 | 7 | |a Pollution. |2 fast |0 (OCoLC)fst01070069 | |
| 650 | 1 | 7 | |a Ecologie. |2 gtt |
| 650 | 7 | |a ECOLOGY. |2 unbist | |
| 655 | 0 | |a Electronic journals. | |
| 710 | 2 | |a Wadebridge Ecological Centre. | |
| 772 | 0 | |a Ecologist report | |
| 776 | 0 | 8 | |i Print version: |t Ecologist (Wadebridge, England : 1979) |x 0261-3131 |w (DLC) 87659130 |w (OCoLC)5226399 |
| 780 | 0 | 5 | |t Mazingira. |b English ed. |
| 780 | 1 | 4 | |t Ecologist quarterly |
| 780 | 1 | 4 | |t New ecologist |
| 780 | 0 | 0 | |t Ecologist (Wadebridge, England : 1979) |x 0261-3131 |w (DLC) 87659130 |w (OCoLC)5226399 |
| 785 | 0 | 7 | |t Resurgence |x 0034-5970 |w (DLC)sf 80001296 |w (OCoLC)1763807 |
| 785 | 0 | 7 | |t Resurgence & ecologist |x 2051-2287 |w (DLC) 2013234004 |w (OCoLC)809372184 |
| 856 | 4 | 0 | |z Full text available from Research Library: 01/01/1999 to 07/31/2009 |u https://search.proquest.com/publication/48971 |